Traffic and trunking principles in automatic telephony / (Record no. 183665)

000 -LEADER
fixed length control field 00909 a2200193 4500
003 - CONTROL NUMBER IDENTIFIER
control field Nust
005 - DATE AND TIME OF LATEST TRANSACTION
control field 20230802102041.0
010 ## - LIBRARY OF CONGRESS CONTROL NUMBER
LC control number 34030021
040 ## - CATALOGING SOURCE
Transcribing agency Nust
082 ## - DEWEY DECIMAL CLASSIFICATION NUMBER
Classification number 621.385,BER
100 ## - MAIN ENTRY--PERSONAL NAME
Personal name Berkeley, Gordon Spence
9 (RLIN) 113884
245 ## - TITLE STATEMENT
Title Traffic and trunking principles in automatic telephony /
Statement of responsibility, etc. G. S. Berkeley
260 ## - PUBLICATION, DISTRIBUTION, ETC.
Place of publication, distribution, etc. E. Benn limited
Name of publisher, distributor, etc. London,
Date of publication, distribution, etc. 1934
300 ## - PHYSICAL DESCRIPTION
Extent xi, 341 p
Other physical details incl
Dimensions illus
Accompanying material tables
Type of unit diagrs
Size of unit 22 cm
505 ## - FORMATTED CONTENTS NOTE
Formatted contents note Traffic In Automatic Exchange (Page-13), Trunking Schemes (Page-24), Racks and Cabling (Page-70), Full Availability (Page-116), Grading (Page-141), Design Of An Automatic Exchange (Page-174), Junction Traffic (Page-208), Traffic Recording (Page-219), Other Systems (Page-237), Miscellaneous (Page-294).
600 ## - SUBJECT ADDED ENTRY--PERSONAL NAME
Personal name Berkeley, Gordon Spence
9 (RLIN) 113884
650 ## - SUBJECT ADDED ENTRY--TOPICAL TERM
Topical term or geographic name entry element Traffic and trunking principles in automatic telephony
9 (RLIN) 113885
942 ## - ADDED ENTRY ELEMENTS (KOHA)
Source of classification or shelving scheme
Koha item type Book
Call number prefix 621.385,BER
Holdings
Withdrawn status Lost status Source of classification or shelving scheme Damaged status Not for loan Permanent Location Current Location Shelving location Date acquired Full call number Barcode Date last seen Price effective from Koha item type Public note
          Military College of Signals (MCS) Military College of Signals (MCS) General Stacks 12/12/2016 621.385,BER MCS21176 12/08/2016 12/12/2016 Book Almirah No.84, Shelf No.4
          Military College of Signals (MCS) Military College of Signals (MCS) General Stacks 12/12/2016 621.385,BER MCS21177 12/08/2016 12/12/2016 Book Almirah No.84, Shelf No.4
          Military College of Signals (MCS) Military College of Signals (MCS) General Stacks 12/12/2016 621.385,BER MCS22277 12/08/2016 12/12/2016 Book Almirah No.84, Shelf No.4
          Military College of Signals (MCS) Military College of Signals (MCS) General Stacks 12/12/2016 621.385,BER MCS6757 12/08/2016 12/12/2016 Book Almirah No.84, Shelf No.4
          Military College of Signals (MCS) Military College of Signals (MCS) General Stacks 12/12/2016 621.385,BER MCS6866 12/08/2016 12/12/2016 Book Almirah No.84, Shelf No.4
© 2023 Central Library, National University of Sciences and Technology. All Rights Reserved.